| 000 | 00679nam a2200181Ia 4500 | ||
|---|---|---|---|
| 008 | 100921s9999 xx 000 0 und d | ||
| 082 |
_b27676 _a030 थ 90 |
||
| 100 | _aदास्ताने संतोष.संपा. | ||
| 245 | _aमहाराष्ट्र 1990. | ||
| 260 |
_bदास्ताने रामचंद्र आणि कंपनी,पुणे. _c1990 |
||
| 300 |
_a371 _b--- |
||
| 365 | _b35 | ||
| 520 | _aसंकीर्ण ज्ञानकोश. | ||
| 630 | _aमहाराष्ट्र 1990. | ||
| 650 | _aसंकीर्ण ज्ञानकोश. | ||
| 730 | _aमहाराष्ट्र 1990. | ||
| 942 | _cBOOK | ||
| 999 |
_c776789 _d776786 |
||